[Event "English Online Blitz Gp2"]
[Site "Chess.com INT"]
[Date "2020.05.09"]
[Round "9"]
[White "Arkell, Keith C"]
[Black "Stepanyan, Henrik"]
[Result "0-1"]
[WhiteElo "2429"]
[BlackElo "2196"]
[PlyCount "88"]
[EventDate "2020.05.09"]
[EventType "swiss (blitz)"]
[EventRounds "11"]
[EventCountry "ENG"]
[SourceTitle "CBM 196 Extra"]
[Source "ChessBase"]
[SourceDate "2020.07.31"]
[SourceVersion "1"]
[SourceVersionDate "2020.07.31"]
[SourceQuality "1"]

1. d4 d5 2. c4 e6 3. cxd5 exd5 4. Nf3 c5 5. Nc3 Nc6 6. g3 Nf6 7. Bg2 Be7 8. 0-0 0-0 9. dxc5 Bxc5 10. Bg5 d4 11. Bxf6 Qxf6 12. Nd5 Qd8 13. Nd2 Re8 14. Nb3 Bb6 15. Qd2 Bg4 16. Rfe1 h6 17. h3 Be6 18. Nf4 Bxb3 19. axb3 Ba5 20. Rxa5 Nxa5 21. Qd3 Rc8 22. b4 Nc6 23. Nd5 Re5 24. Qb3 Qe8 25. Bf3 Qd7 26. h4 Rd8 27. Nf4 Rb5 28. Nd3 a5 29. Bxc6 Qxc6 30. Qa4 axb4 31. Rc1 Qa6 32. Qb3 Qe6 33. Qd1 b6 34. Nf4 Qe4 35. h5 Rc5 36. Ra1 Qc2 37. Nd3 Qxd1+ 38. Rxd1 b3 39. Kf1 Rxh5 40. Kg2 Ra5 41. Rc1 Re8 42. Kf3 Rf5+ 43. Nf4 g5 44. Kg4 Rc5 0-1

[Event "English Online Blitz Gp1"]
[Site "Chess.com INT"]
[Date "2020.05.09"]
[Round "9"]
[White "Stepanyan, Henrik"]
[Black "Hebden, Mark"]
[Result "1-0"]
[WhiteElo "2196"]
[BlackElo "2453"]
[PlyCount "107"]
[EventDate "2020.05.09"]
[EventType "swiss (blitz)"]
[EventRounds "11"]
[EventCountry "ENG"]
[SourceTitle "CBM 196 Extra"]
[Source "ChessBase"]
[SourceDate "2020.07.31"]
[SourceVersion "1"]
[SourceVersionDate "2020.07.31"]
[SourceQuality "1"]

1. d4 Nf6 2. c4 g6 3. Nc3 Bg7 4. e4 d6 5. Nf3 0-0 6. h3 e5 7. dxe5 dxe5 8. Qxd8 Rxd8 9. Bg5 c6 10. Nxe5 Re8 11. 0-0-0 Na6 12. Nd3 Nxe4 13. Nxe4 Rxe4 14. b3 Re8 15. g4 Nc7 16. Bg2 a5 17. Rhe1 Ne6 18. Be3 a4 19. b4 a3 20. Nc5 Nxc5 21. Bxc5 Be6 22. Bf1 Ra4 23. Kc2 Bf8 24. Kb3 Rea8 25. Bxf8 Kxf8 26. f4 c5 27. b5 Rb4+ 28. Kc3 Rb2 29. Rd2 Rxd2 30. Kxd2 Ra4 31. Kc3 Rb4 32. Rd1 Rb2 33. Rd2 Rxd2 34. Kxd2 Ke7 35. Kc3 Kd6 36. Kb3 f6 37. Bd3 b6 38. Kxa3 g5 39. fxg5 fxg5 40. Kb3 Ke5 41. Bxh7 Kd4 42. a4 Bxc4+ 43. Kb2 Bf1 44. Bf5 Kc4 45. Ka3 Bxh3 46. Bd7 Bg2 47. Bc6 Bf1 48. a5 Kd3 49. axb6 c4 50. b7 c3 51. b8Q c2 52. Qd6+ Kc3 53. Qb4+ Kd3 54. Be4+ 1-0

[Event "English Online Blitz Gp1"]
[Site "Chess.com INT"]
[Date "2020.05.09"]
[Round "1"]
[White "Yapp, Christopher"]
[Black "Stepanyan, Henrik"]
[Result "0-1"]
[WhiteElo "1494"]
[BlackElo "2196"]
[PlyCount "64"]
[EventDate "2020.05.09"]
[EventType "swiss (blitz)"]
[EventRounds "11"]
[EventCountry "ENG"]
[SourceTitle "CBM 196 Extra"]
[Source "ChessBase"]
[SourceDate "2020.07.31"]
[SourceVersion "1"]
[SourceVersionDate "2020.07.31"]
[SourceQuality "1"]

1. f4 e5 2. e4 d5 3. exd5 exf4 4. Nf3 Nf6 5. Nc3 Nxd5 6. d4 Bb4 7. Bd2 Bxc3 8. bxc3 0-0 9. Be2 Nc6 10. 0-0 Bf5 11. Rb1 b6 12. c4 Ne3 13. Bxe3 fxe3 14. Bd3 Bg6 15. c3 Qe7 16. Qe2 Rae8 17. Rbe1 Kh8 18. Kh1 Bxd3 19. Qxd3 f5 20. Re2 f4 21. Rfe1 Rg8 22. Qf5 g5 23. h4 g4 24. Ng5 h6 25. Nf7+ Kg7 26. Ne5 Qxh4+ 27. Kg1 Nxe5 28. dxe5 Rgf8 29. Qd7+ Qe7 30. Qxg4+ Qg5 31. Qd7+ Re7 32. Qd3 f3 0-1

[Event "BCF-chTb 1920 (4NCL)"]
[Site "Daventry"]
[Date "2020.03.01"]
[Round "2.67"]
[White "Kirk, Ezra"]
[Black "Stepanyan, Henrik"]
[Result "1-0"]
[WhiteElo "2418"]
[BlackElo "2193"]
[PlyCount "103"]
[EventDate "2019.11.09"]
[EventType "team-tourn"]
[EventRounds "11"]
[EventCountry "ENG"]
[SourceTitle "CBM 195 Extra"]
[Source "ChessBase"]
[SourceDate "2020.05.31"]
[SourceVersion "1"]
[SourceVersionDate "2020.05.31"]
[SourceQuality "1"]
[WhiteTeam "Cheddleton"]
[BlackTeam "Wood Green Monarchs"]
[WhiteTeamCountry "ENG"]
[BlackTeamCountry "ENG"]

1. e4 e5 2. Nf3 Nc6 3. Bc4 Nf6 4. d3 d5 5. exd5 Nxd5 6. 0-0 Bg4 7. Nbd2 Be7 8. h3 Bh5 9. Re1 0-0 10. c3 Kh8 11. Nf1 f5 12. Ng3 Bg6 13. a4 a5 14. Qb3 Nb6 15. Bb5 Bf6 16. Bxc6 bxc6 17. d4 e4 18. Ne5 Bxe5 19. dxe5 Qd5 20. Qxd5 cxd5 21. f4 Rfb8 22. Ne2 c5 23. Be3 Nc4 24. Bxc5 Nxb2 25. Reb1 Be8 26. Bd6 Rb6 27. Nd4 Nxa4 28. Rxb6 Nxb6 29. Nxf5 Na4 30. e6 Nxc3 31. Be5 Nb5 32. Bxg7+ Kg8 33. Bf6 Bg6 34. Nh6+ Kf8 35. f5 Bxf5 36. Nxf5 Nc7 37. e7+ Kf7 38. Be5 Ne8 39. g4 Ke6 40. Bc3 a4 41. Kf2 h5 42. Ra3 hxg4 43. hxg4 Nc7 44. Bb4 Kf7 45. Rh3 d4 46. Nxd4 Kg6 47. Nf5 Kg5 48. Nd6 Kxg4 49. Rc3 Nd5 50. Rg3+ Kh4 51. Nf5+ Kh5 52. Bd2 1-0

[Event "Shropshire op"]
[Site "Telford"]
[Date "2020.01.03"]
[Round "1"]
[White "Stepanyan, Henrik"]
[Black "Gostelow, David W"]
[Result "1-0"]
[WhiteElo "2193"]
[BlackElo "1901"]
[PlyCount "65"]
[EventDate "2020.01.03"]
[EventType "swiss"]
[EventRounds "5"]
[EventCountry "ENG"]
[SourceTitle "CBM 194 Extra"]
[Source "ChessBase"]
[SourceDate "2020.03.31"]
[SourceVersion "1"]
[SourceVersionDate "2020.03.31"]
[SourceQuality "1"]

1. d4 d5 2. c4 c6 3. Nf3 Nf6 4. Nc3 Qb6 5. Qb3 Na6 6. c5 Qd8 7. Ne5 e6 8. Bg5 Be7 9. e3 Nb8 10. Bd3 Nbd7 11. Nxd7 Nxd7 12. Bf4 b6 13. cxb6 axb6 14. Qc2 f5 15. 0-0 0-0 16. a3 Ba6 17. Bxa6 Rxa6 18. b4 Qa8 19. b5 Ra5 20. bxc6 Qxc6 21. Qb2 Rfa8 22. a4 h6 23. Rfc1 Qc4 24. Rab1 Qd3 25. Rd1 Qc4 26. h3 Kh7 27. Kh2 Kg6 28. Rdc1 Qd3 29. Nb5 Rxa4 30. Rc3 Qe4 31. f3 Qxf3 32. gxf3 Ra2 33. Rc2 1-0

[Event "London Chess Classic: Blitz C"]
[Site "London"]
[Date "2019.12.08"]
[Round "4"]
[White "Stepanyan, Henrik"]
[Black "Wallace, John Paul"]
[Result "1/2-1/2"]
[WhiteElo "2163"]
[BlackElo "2345"]
[PlyCount "128"]
[EventDate "2019.12.08"]
[EventType "swiss (blitz)"]
[EventRounds "11"]
[EventCountry "ENG"]
[SourceTitle "EXT 2021"]
[Source "ChessBase"]
[SourceDate "2020.10.23"]
[SourceVersion "1"]
[SourceVersionDate "2020.10.23"]
[SourceQuality "1"]

1. d4 Nf6 2. c4 g6 3. Nc3 Bg7 4. Nf3 0-0 5. e4 d6 6. h3 e5 7. dxe5 dxe5 8. Qxd8 Rxd8 9. Bg5 Na6 10. Nd5 Rd6 11. Bxf6 Bxf6 12. Rc1 b6 13. b4 c5 14. b5 Nb8 15. Nc7 Bb7 16. Nxa8 Bxa8 17. Rd1 Rxd1+ 18. Kxd1 Bxe4 19. Nd2 Bf5 20. g4 Be6 21. Bg2 Bg5 22. Bd5 Bc8 23. Re1 Bf4 24. Nf3 Nd7 25. Kc2 Kf8 26. Bc6 f6 27. Nd2 Ke7 28. Ne4 Nf8 29. Bd5 Ne6 30. Bxe6 Bxe6 31. Kb3 f5 32. gxf5 gxf5 33. Nc3 e4 34. Nd5+ Bxd5 35. cxd5 Kd6 36. Kc4 Ke5 37. Rg1 Bd2 38. Rg7 Be1 39. Re7+ Kd6 40. Re6+ Kd7 41. Rf6 Bxf2 42. Rxf5 e3 43. Re5 h5 44. Re6 h4 45. Kd3 Kc7 46. a4 Kd7 47. Rg6 Kc7 48. Rg7+ Kd6 49. Rxa7 c4+ 50. Ke2 Kxd5 51. Rc7 Kd4 52. a5 bxa5 53. b6 Bg3 54. Ra7 c3 55. Rxa5 c2 56. Ra1 Kc3 57. b7 Kb2 58. Rf1 c1Q 59. Rxc1 Kxc1 60. Kxe3 Kd1 61. Kf3 Ke1 62. Kg2 Ke2 63. Kh1 Kf1 64. b8Q Bxb8 1/2-1/2

[Event "South Normanton 4NCL op 23rd"]
[Site "South Normanton"]
[Date "2019.10.06"]
[Round "5"]
[White "Stepanyan, Henrik"]
[Black "Arkell, Keith C"]
[Result "1/2-1/2"]
[WhiteElo "2207"]
[BlackElo "2442"]
[PlyCount "107"]
[EventDate "2019.10.04"]
[EventType "swiss"]
[EventRounds "5"]
[EventCountry "ENG"]
[SourceTitle "CBM 192 Extra"]
[Source "Chessbase"]
[SourceDate "2019.11.06"]
[SourceVersion "1"]
[SourceVersionDate "2019.11.06"]
[SourceQuality "1"]

1. d4 Nf6 2. Nf3 d6 3. c4 Bg4 4. Nc3 Bxf3 5. gxf3 c6 6. e4 e6 7. Be3 Nbd7 8. Qd2 g6 9. Be2 a6 10. d5 cxd5 11. cxd5 e5 12. 0-0-0 Nh5 13. Kb1 Bg7 14. Rc1 0-0 15. Bd1 Rc8 16. h4 Qa5 17. Ne2 Rxc1+ 18. Qxc1 Nc5 19. Qd2 Qxd2 20. Bxd2 f5 21. exf5 gxf5 22. Ng3 Nxg3 23. fxg3 f4 24. gxf4 Bh6 25. Rg1+ Kh8 26. Bb4 Rxf4 27. Bxc5 dxc5 28. Rg4 Rf6 29. a4 Rd6 30. Bb3 b5 31. axb5 axb5 32. Ba2 Bf4 33. Kc2 Ra6 34. Bb1 Ra4 35. Kb3 Rb4+ 36. Ka2 Rd4 37. Be4 c4 38. Ka3 Bd2 39. Rg2 Ba5 40. Rg5 Rd1 41. b4 Bd8 42. Rh5 Ra1+ 43. Kb2 Ra7 44. d6 Rd7 45. Bc6 Rxd6 46. Bxb5 Bf6 47. Bxc4 Kg7 48. f4 exf4+ 49. Kb3 Rd2 50. Rf5 Rf2 51. h5 f3 52. Ka4 Rc2 53. Bb3 Rh2 54. Rxf3 1/2-1/2

[Event "BCF-chT1d 1819 (4NCL) Demotion pool"]
[Site "England"]
[Date "2019.05.06"]
[Round "11.75"]
[White "Mihov, Filip"]
[Black "Stepanyan, Henrik"]
[Result "1-0"]
[WhiteElo "2180"]
[BlackElo "2195"]
[PlyCount "81"]
[EventDate "2018.11.10"]
[EventType "team-tourn"]
[EventRounds "4"]
[EventCountry "ENG"]
[SourceTitle "CBM 190 Extra"]
[Source "ChessBase"]
[SourceDate "2019.07.15"]
[SourceVersion "1"]
[SourceVersionDate "2019.07.15"]
[SourceQuality "1"]
[WhiteTeam "Oxford"]
[BlackTeam "Wood Green Monarchs"]
[WhiteTeamCountry "ENG"]
[BlackTeamCountry "ENG"]

1. d4 d5 2. c4 e6 3. Nc3 c5 4. cxd5 exd5 5. Nf3 Nc6 6. g3 Nf6 7. Bg2 Be7 8. 0-0 0-0 9. Bg5 c4 10. Ne5 Be6 11. e3 Nd7 12. Nxc6 bxc6 13. Bxe7 Qxe7 14. e4 dxe4 15. Bxe4 Rad8 16. Bxc6 Qd6 17. d5 Bh3 18. Re1 f5 19. Nb5 Qb4 20. Qd4 f4 21. Rac1 Rde8 22. Rxe8 Rxe8 23. Qc3 Qc5 24. gxf4 Re2 25. Nd4 Re4 26. Qxh3 Qxd4 27. Qxd7 Re2 28. Qc8+ Kf7 29. Qf5+ Kg8 30. Rf1 g6 31. Qc8+ Kg7 32. Qd7+ Kg8 33. Qg4 Re4 34. d6 Rxf4 35. Qe6+ Kg7 36. d7 Kh6 37. Qh3+ Kg5 38. Qe3 Qd6 39. Re1 Kh4 40. d8Q+ Qxd8 41. Qxf4+ 1-0

[Event "BCF-chT1d 1819 (4NCL) Demotion pool"]
[Site "England"]
[Date "2019.05.04"]
[Round "9.55"]
[White "MacQueen, Calum"]
[Black "Stepanyan, Henrik"]
[Result "0-1"]
[WhiteElo "2237"]
[BlackElo "2195"]
[PlyCount "102"]
[EventDate "2018.11.10"]
[EventType "team-tourn"]
[EventRounds "4"]
[EventCountry "ENG"]
[SourceTitle "CBM 190 Extra"]
[Source "ChessBase"]
[SourceDate "2019.07.15"]
[SourceVersion "1"]
[SourceVersionDate "2019.07.15"]
[SourceQuality "1"]
[WhiteTeam "Alba"]
[BlackTeam "Wood Green Monarchs"]
[WhiteTeamCountry "ENG"]
[BlackTeamCountry "ENG"]

1. d4 d5 2. c4 e6 3. Nc3 c5 4. e3 Nf6 5. Nf3 Nc6 6. cxd5 exd5 7. Be2 c4 8. Ne5 Bb4 9. Bd2 Bxc3 10. Bxc3 0-0 11. 0-0 Ne4 12. Be1 Be6 13. b3 Nxe5 14. dxe5 Rc8 15. f3 Nc5 16. b4 Na6 17. Bc3 Qb6 18. Qd2 Rfd8 19. a3 Nc7 20. Bd4 Qc6 21. a4 b5 22. a5 a6 23. g4 Qd7 24. h3 Ne8 25. f4 f5 26. exf6 Nxf6 27. Bf3 Qe7 28. f5 Bf7 29. Qc3 Re8 30. Rae1 h6 31. Rf2 Rc6 32. Rg2 Ne4 33. Bxe4 Qxe4 34. Bxg7 d4 35. Qxd4 Bd5 36. Qxe4 Bxe4 37. Bc3 Bxg2 38. Kxg2 Rd6 39. Kf3 Rd3 40. Ba1 c3 41. Re2 Rc8 42. Rc2 Rc4 43. Ke2 Rd2+ 44. Rxd2 cxd2 45. Kxd2 Rxb4 46. Be5 Ra4 47. Bc7 Rc4 48. Be5 b4 49. Bd4 b3 50. h4 Rc2+ 51. Kd1 Rh2 0-1

[Event "BCF-chTb 1819 (4NCL)"]
[Site "Daventry"]
[Date "2019.03.16"]
[Round "7.52"]
[White "Stepanyan, Henrik"]
[Black "Cyborowski, Lukasz"]
[Result "1/2-1/2"]
[WhiteElo "2195"]
[BlackElo "2522"]
[PlyCount "52"]
[EventDate "2018.11.10"]
[EventType "team-tourn"]
[EventRounds "11"]
[EventCountry "ENG"]
[SourceTitle "CBM 189 Extra"]
[Source "ChessBase"]
[SourceDate "2019.06.03"]
[SourceVersion "1"]
[SourceVersionDate "2019.06.03"]
[SourceQuality "1"]
[WhiteTeam "Wood Green Monarchs"]
[BlackTeam "Manx Liberty"]
[WhiteTeamCountry "ENG"]
[BlackTeamCountry "ENG"]

1. d4 Nf6 2. Nf3 e6 3. c4 d5 4. g3 dxc4 5. Bg2 a6 6. 0-0 Nc6 7. e3 Bd6 8. Qe2 0-0 9. Qxc4 Qe7 10. Nbd2 e5 11. dxe5 Nxe5 12. Nxe5 Bxe5 13. Qc2 Rb8 14. Nc4 Bd7 15. Nxe5 Qxe5 16. Bd2 Bf5 17. Bc3 Qe6 18. Qa4 Be4 19. Bxf6 Bxg2 20. Kxg2 Qxf6 21. Qc2 c6 22. Rfd1 Rfd8 23. h4 h6 24. b3 Qe5 25. Kg1 c5 26. Rac1 Rxd1+ 1/2-1/2

[Event "Telford 4NCL op"]
[Site "Telford"]
[Date "2018.11.04"]
[Round "8"]
[White "Hill, Alistair"]
[Black "Stepanyan, Henrik"]
[Result "1-0"]
[WhiteElo "2203"]
[BlackElo "2158"]
[PlyCount "141"]
[EventDate "2018.10.31"]
[EventType "swiss"]
[EventRounds "9"]
[EventCountry "ENG"]
[SourceTitle "CBM 187 Extra"]
[Source "ChessBase"]
[SourceDate "2018.11.04"]
[SourceVersion "1"]
[SourceVersionDate "2018.11.04"]
[SourceQuality "1"]

1. Nf3 Nf6 2. c4 e6 3. g3 d5 4. Bg2 Be7 5. 0-0 0-0 6. b3 a5 7. Nc3 b6 8. cxd5 exd5 9. d4 Bb7 10. Bb2 Nbd7 11. Rc1 Re8 12. Qc2 Bb4 13. e3 Rc8 14. Rfd1 Qe7 15. Qb1 h6 16. Bh3 Bxc3 17. Rxc3 Ne4 18. Rc2 c6 19. Qc1 Rc7 20. Bg2 Qe6 21. a4 Ba8 22. Ba3 Rec8 23. Nd2 Ndf6 24. Nxe4 dxe4 25. Rc4 Qd5 26. Qc2 Re8 27. Rb1 Bb7 28. b4 axb4 29. Rcxb4 Nd7 30. Rc1 Ba6 31. h4 Rcc8 32. Bh3 Bd3 33. Qb3 Rcd8 34. Qxd5 cxd5 35. Rc7 Nf6 36. Rxb6 Ra8 37. Rbb7 Rxa4 38. Bd6 Ba6 39. Ra7 Bb5 40. Rxf7 Rxa7 41. Rxa7 Be2 42. Rb7 Ra8 43. Rb8+ Rxb8 44. Be6+ Kh7 45. Bxb8 Bc4 46. Be5 Kg6 47. Bxf6 Kxf6 48. Bh3 Ke7 49. f3 exf3 50. Kf2 Kf6 51. Kxf3 Bd3 52. Bd7 g5 53. hxg5+ Kxg5 54. Kf2 h5 55. Bc6 Be4 56. Bb5 h4 57. gxh4+ Kxh4 58. Be2 Bc2 59. Bf3 Bb3 60. Ke2 Kg5 61. Kd2 Kf5 62. Kc3 Ba2 63. Kb4 Ke6 64. Kc5 Bb3 65. Bg4+ Ke7 66. Bf5 Kf6 67. Bh7 Kg7 68. Bd3 Kf6 69. Kd6 Bc4 70. Bc2 Ba2 71. Bd1 1-0

[Event "Telford 4NCL op"]
[Site "Telford"]
[Date "2018.11.04"]
[Round "9"]
[White "Stepanyan, Henrik"]
[Black "White, Stuart A"]
[Result "1-0"]
[WhiteElo "2158"]
[BlackElo "2113"]
[PlyCount "111"]
[EventDate "2018.10.31"]
[EventType "swiss"]
[EventRounds "9"]
[EventCountry "ENG"]
[SourceTitle "EXT 2021"]
[Source "ChessBase"]
[SourceDate "2020.10.23"]
[SourceVersion "1"]
[SourceVersionDate "2020.10.23"]
[SourceQuality "1"]

1. d4 d5 2. Nf3 Nf6 3. c4 c6 4. g3 dxc4 5. Bg2 b5 6. 0-0 Bb7 7. Ne5 Nfd7 8. Qc2 Nxe5 9. dxe5 Qc8 10. a4 a6 11. Nc3 Nd7 12. e6 Nf6 13. Bh3 fxe6 14. e4 Qc7 15. axb5 cxb5 16. Bxe6 Qb6 17. Nd5 Nxd5 18. exd5 Qd4 19. Be3 Qf6 20. Qd2 Rd8 21. Rfd1 Qf3 22. Ra3 b4 23. Raa1 Rd6 24. Qxb4 Rxe6 25. Qxb7 Rxe3 26. Qc8+ Kf7 27. d6 Re2 28. Qxc4+ e6 29. Qc7+ Kg6 30. Qb6 Bxd6 31. Rxd6 Rf8 32. Rxe6+ Rxe6 33. Qxe6+ Rf6 34. Qe8+ Kh6 35. Qe1 Qb3 36. Qd2+ Kg6 37. Qe2 Qb6 38. Re1 Qc6 39. Qe4+ Kf7 40. Qxh7 Qc5 41. Re2 Rh6 42. Qe4 Qc1+ 43. Kg2 Qc8 44. Qe7+ Kg8 45. Qe8+ Qxe8 46. Rxe8+ Kf7 47. Rb8 Rc6 48. g4 g6 49. Kg3 Kf6 50. h4 Rd6 51. f3 Ke6 52. g5 Kf7 53. Rb4 Kg7 54. Kg4 a5 55. Ra4 Ra6 56. b4 1-0

[Event "Telford 4NCL op"]
[Site "Telford"]
[Date "2018.11.02"]
[Round "4"]
[White "Wall, Tim"]
[Black "Stepanyan, Henrik"]
[Result "0-1"]
[WhiteElo "2253"]
[BlackElo "2158"]
[PlyCount "90"]
[EventDate "2018.10.31"]
[EventType "swiss"]
[EventRounds "9"]
[EventCountry "ENG"]
[SourceTitle "CBM 187 Extra"]
[Source "ChessBase"]
[SourceDate "2018.11.04"]
[SourceVersion "1"]
[SourceVersionDate "2018.11.04"]
[SourceQuality "1"]

1. d4 d5 2. Bf4 Nf6 3. e3 e6 4. Nd2 Bd6 5. Bg3 0-0 6. Bd3 c5 7. c3 Nc6 8. Ngf3 b6 9. Qe2 Qc7 10. e4 dxe4 11. Nxe4 Nxe4 12. Bxe4 cxd4 13. cxd4 Nb4 14. Ng5 h6 15. Nh7 Ba6 16. Nf6+ Kh8 17. Qd2 Qe7 18. 0-0-0 Rac8+ 19. Kb1 Bc4 20. a3 Nd5 21. Nxd5 exd5 22. Bxd6 Qxd6 23. Bf5 Rce8 24. Bd3 b5 25. g3 Qb6 26. Qc3 Rc8 27. b3 Bxd3+ 28. Qxd3 b4 29. axb4 Qxb4 30. Rc1 Rb8 31. Kb2 a5 32. Rc3 Qd6 33. Ra1 Qb4 34. Ra3 a4 35. Ka2 axb3+ 36. Rcxb3 Qe1 37. Qe3 Qh1 38. Qe5 Rxb3 39. Rxb3 Qxh2 40. Rf3 Qh1 41. Qxd5 Qd1 42. Rxf7 Qa4+ 43. Kb2 Rb8+ 44. Kc1 Qa3+ 45. Kd2 Rb2+ 0-1

[Event "BCF-chT2b 1718 (4NCL)"]
[Site "England"]
[Date "2018.01.13"]
[Round "3.52"]
[White "Wall, Tim"]
[Black "Stepanyan, Henrik"]
[Result "1/2-1/2"]
[WhiteElo "2236"]
[BlackElo "2282"]
[PlyCount "71"]
[EventDate "2017.11.11"]
[EventType "team-tourn"]
[EventRounds "7"]
[EventCountry "ENG"]
[SourceTitle "EXT 2020"]
[Source "ChessBase"]
[SourceDate "2019.10.17"]
[SourceVersion "1"]
[SourceVersionDate "2019.10.17"]
[SourceQuality "1"]
[WhiteTeam "North East England"]
[BlackTeam "Warwicks Select"]
[WhiteTeamCountry "ENG"]
[BlackTeamCountry "ENG"]

1. d4 d5 2. Bg5 c5 3. Nc3 Nc6 4. Nf3 cxd4 5. Nxd4 f6 6. Bc1 e5 7. Nxc6 bxc6 8. e4 d4 9. Nb1 Be6 10. Nd2 Nh6 11. Bc4 Qd7 12. 0-0 Nf7 13. c3 Bxc4 14. Nxc4 Be7 15. cxd4 exd4 16. Bf4 0-0 17. Qa4 Rfd8 18. Rad1 c5 19. Qb3 Qe6 20. Rfe1 Bd6 21. Nxd6 Qxb3 22. axb3 Nxd6 23. e5 Nb7 24. exf6 gxf6 25. Re7 Na5 26. Bc7 Nxb3 27. Bxd8 Rxd8 28. Rd3 c4 29. Rg3+ Kh8 30. Rgg7 c3 31. Rxh7+ Kg8 32. Reg7+ Kf8 33. Rxa7 Kg8 34. Rag7+ Kf8 35. Rb7 Kg8 36. Rbg7+ 1/2-1/2

[Event "BCF-chT2b 1718 (4NCL)"]
[Site "England"]
[Date "2017.11.11"]
[Round "1.62"]
[White "Oyama, Akito"]
[Black "Stepanyan, Henrik"]
[Result "1-0"]
[WhiteElo "2245"]
[BlackElo "2282"]
[PlyCount "99"]
[EventDate "2017.11.11"]
[EventType "team-tourn"]
[EventRounds "7"]
[EventCountry "ENG"]
[SourceTitle "EXT 2020"]
[Source "ChessBase"]
[SourceDate "2019.10.17"]
[SourceVersion "1"]
[SourceVersionDate "2019.10.17"]
[SourceQuality "1"]
[WhiteTeam "Anglian Avengers"]
[BlackTeam "Warwicks Select"]
[WhiteTeamCountry "ENG"]
[BlackTeamCountry "ENG"]

1. e4 e5 2. Nf3 Nc6 3. d4 exd4 4. Nxd4 Bc5 5. Nxc6 Qf6 6. Qf3 bxc6 7. Nd2 d6 8. Nb3 Bb6 9. a4 a5 10. Bd2 Be6 11. Bc3 Qxf3 12. gxf3 f6 13. Nd4 Bxd4 14. Bxd4 Kf7 15. Rg1 Ne7 16. f4 g6 17. 0-0-0 Rhd8 18. Bg2 c5 19. Bc3 Nc8 20. f5 Bc4 21. b3 Be2 22. Rd2 Bh5 23. Bxf6 Kxf6 24. e5+ Kxe5 25. Re1+ Kxf5 26. Bxa8 Kf6 27. Rd3 Bg4 28. Rde3 Bd7 29. Bb7 Nb6 30. Re7 Rb8 31. Bg2 h5 32. Rh7 Kg5 33. Ree7 Rf8 34. Rxd7 Rxf2 35. Bc6 Nxd7 36. Rxd7 Rxh2 37. Rxc7 Kf4 38. Ra7 g5 39. Rxa5 g4 40. Ra8 g3 41. Rg8 Re2 42. a5 Re7 43. a6 Ra7 44. Bb7 d5 45. Kd2 h4 46. Ke2 h3 47. Rh8 h2 48. Kf1 Ke3 49. Kg2 Kd2 50. Ra8 1-0

[Event "BCF-chT2 1617 (4NCL) Promotion pool"]
[Site "England"]
[Date "2017.05.01"]
[Round "11.43"]
[White "Stepanyan, Henrik"]
[Black "Snape, Ian L"]
[Result "1/2-1/2"]
[WhiteElo "2192"]
[BlackElo "2282"]
[PlyCount "81"]
[EventDate "2016.11.19"]
[EventType "team-tourn"]
[EventRounds "11"]
[EventCountry "ENG"]
[SourceTitle "EXT 2019"]
[Source "ChessBase"]
[SourceDate "2018.10.10"]
[SourceVersion "1"]
[SourceVersionDate "2018.10.10"]
[SourceQuality "1"]
[WhiteTeam "Warwicks Select"]
[BlackTeam "The ADS"]
[WhiteTeamCountry "ENG"]
[BlackTeamCountry "ENG"]

1. d4 c5 2. d5 g6 3. Nf3 d6 4. e4 Nf6 5. Nc3 Bg7 6. h3 0-0 7. Be2 e6 8. 0-0 exd5 9. exd5 Na6 10. Bf4 Nc7 11. a4 Re8 12. Bh2 b6 13. Nd2 Bb7 14. Nc4 Nfxd5 15. Nxd6 Bxc3 16. Nxe8 Nxe8 17. bxc3 Nxc3 18. Qd3 Qf6 19. Qe3 Nd6 20. Bxd6 Nxe2+ 21. Qxe2 Qxd6 22. Rfe1 Qd5 23. f3 Qd4+ 24. Qe3 Qc4 25. a5 b5 26. a6 Bc6 27. Qe7 b4 28. Kh1 Qxc2 29. Rec1 Qd3 30. Qxc5 Bxf3 31. gxf3 Qxf3+ 32. Kh2 Rd8 33. Ra2 Qf4+ 34. Kg2 Rd3 35. Rf2 Qg3+ 36. Kf1 Qxh3+ 37. Ke2 Rd8 38. Qe3 Qh5+ 39. Kf1 Qh1+ 40. Ke2 Qh5+ 41. Kf1 1/2-1/2

[Event "BCF-chT2b 1617 (4NCL)"]
[Site "England"]
[Date "2017.02.12"]
[Round "6.54"]
[White "Ivell, Nicholas W"]
[Black "Stepanyan, Henrik"]
[Result "1-0"]
[WhiteElo "2186"]
[BlackElo "2192"]
[PlyCount "66"]
[EventDate "2016.11.19"]
[EventType "team-tourn"]
[EventRounds "11"]
[EventCountry "ENG"]
[SourceTitle "EXT 2019"]
[Source "ChessBase"]
[SourceDate "2018.10.10"]
[SourceVersion "1"]
[SourceVersionDate "2018.10.10"]
[SourceQuality "1"]
[WhiteTeam "Spirit of Atticus"]
[BlackTeam "Warwicks Select"]
[WhiteTeamCountry "ENG"]
[BlackTeamCountry "ENG"]

1. e4 e5 2. Bc4 Nf6 3. d3 Nc6 4. Nf3 Be7 5. 0-0 0-0 6. Re1 d6 7. a4 Na5 8. Ba2 c5 9. Nbd2 Nc6 10. Nf1 a6 11. Ng3 Rb8 12. c3 b5 13. h3 Ne8 14. axb5 axb5 15. d4 cxd4 16. cxd4 Nxd4 17. Nxd4 exd4 18. Qxd4 Bf6 19. Qd3 Nc7 20. Bb1 g6 21. Rd1 Be6 22. Bh6 Bc4 23. Qc2 Ne6 24. Bxf8 Qxf8 25. Ba2 Nd4 26. Qd2 Rc8 27. Bxc4 bxc4 28. Ra2 Be5 29. Ne2 Nb3 30. Qc2 f5 31. exf5 gxf5 32. Ra4 Qf7 33. f4 Bg7 1-0